| 000 | 00461cam a2200181ua 4500 | ||
|---|---|---|---|
| 020 | _c45.00 | ||
| 041 |
_aeng _h |
||
| 082 |
_a621.9 _bRAG/CO |
||
| 100 | _aRaghuvanshi, B S . | ||
| 245 |
_aCourse in workshop technology vol-2 / _cB S Raghuvanshi. _hTextual Documents |
||
| 260 |
_aDelhi : _bDhanpath Rai and sons , _c1995. |
||
| 300 | _a548 ; . | ||
| 365 | _a45.00 | ||
| 500 | _a** Reference | ||
| 504 | _a | ||
| 942 | _cBK | ||
| 999 |
_c10171 _d10171 |
||